La otra historia: el Tratado de 1929
Saved in:
| Hovedforfatter: | |
|---|---|
| Format: | Bog |
| Sprog: | spansk |
| Udgivet: |
Lima
Congreso del Perú
2000
|
| Fag: | |
| Tags: |
Tilføj Tag
Ingen Tags, Vær først til at tagge denne postø!
|
MARC
| LEADER | 00000nam a2200000 a 4500 | ||
|---|---|---|---|
| 001 | UCL3553 | ||
| 003 | CL-VaPUC | ||
| 008 | 031128e20000000PE |||||||||||||||||spa|d | ||
| 020 | |a 997275538X | ||
| 082 | 0 | 4 | |a 327.85083 |b CAL |2 21 |
| 100 | 0 | |a Calderón Urtecho, Félix |e author |9 480870 | |
| 245 | 1 | 3 | |a La otra historia: el Tratado de 1929 |
| 300 | |a 325 p | ||
| 942 | |c BK | ||
| 945 | |d 20031128 00:00:00 |a cmena | ||
| 260 | |a Lima |b Congreso del Perú |c 2000 | ||
| 500 | |a Incluye apéndice de mapas | ||
| 650 | 0 | |a Relaciones Exteriores |9 255379 | |
| 650 | 0 | |a Tratados internacionales |9 256056 | |
| 650 | 0 | |a Límites |9 255439 | |
| 651 | 7 | |a TACNA |2 CL-VaPUC |9 314889 | |
| 651 | 0 | |a Arica |9 309332 | |
| 651 | 0 | |a Perú |9 256567 | |
| 651 | 7 | |a CHILE |2 CL-VaPUC |9 480871 | |
| 583 | |a last modification |c 20031128 00:00:00 |k Rodrigo Vera | ||
| 999 | |c 306574 |d 306572 | ||
| 952 | |0 0 |1 0 |4 0 |6 327_850830000000000_CAL_2000 |7 0 |8 A |9 371680 |a BIBHIS |b BIBHIS |d 2019-11-21 |i 3968421 |o 327.85083 CAL 2000 |p 3968421 |r 2025-01-20 |w 2019-11-21 |y BK |k HIS | ||